000 00453nam a22001577a 4500
005 20251108164729.0
008 250721s9999 xx 000 0 ara d
082 1 4 _a615.09/أحل
100 1 _aإستيتيه، أحلام
245 1 0 _aتاريخ الصيدلة /
264 1 _aعمان :
_bدار المستقبل للنشر و التوزيع،
_c[19-].
300 _a100ص
650 1 7 _aعلم الصيدلة
942 _2ddc
_cBK
999 _c12963
_d12963